000 00411nam a2200157Ia 4500
003 LK-CoDNM
008 010623t1935 xxu||||| |||| 00| 1 Illegeable d
040 _aLK-CoDNM
_dLK-CoDNM
_eLK-CoDNM
041 _aIllegeable
080 _a16 M 5
100 _aLounsbery,G.Constant.
245 _aLa Meditation Bouddhique
260 _bLibrairie D'amerique D'orient
_c1935
300 _b178p., 19 cm
942 _cBK
999 _c97641
_d97641